Otto Wagner /

Na minha lista:
Detalhes bibliográficos
Outros Autores: Asensio, Paco (Editor), Sol Kliczkowski (Editor)
Formato: Livro
Idioma:inglês
alemão
francês
Língua italiana
Publicado em: Düsseldorg : teNeues, 2002
Assuntos:
Tags: Adicionar Tag
Sem tags, seja o primeiro a adicionar uma tag!

MARC

LEADER 00000nam a22000003a 4500
001 0020032
003 SK-STU
005 20161216114307.7
007 ta
008 161216s ----xo-----e------000-0-----d
020 |a 3-8238-5545-X 
040 |a STU  |b slo 
041 0 |a eng  |a ger  |a fre  |a ita 
044 |a gw 
245 1 0 |a Otto Wagner /  |c ed. Paco Asensio, Sol Kliczkowski 
260 |a Düsseldorg :  |b teNeues,  |c 2002 
300 |a 80 s. 
650 0 7 |a architekti európski 
650 0 7 |a Vienna 
700 1 |a Asensio, Paco  |4 edt 
700 1 |a Sol Kliczkowski  |r Z6  |4 edt 
996 |b 284AU06867  |c A* 9995/U  |l AAKNST  |s P  |a 0  |w 0020032_0001